| 000 | 00769nam a2200241 i 4500 | ||
|---|---|---|---|
| 001 | 11329 | ||
| 003 | ES-MaACL | ||
| 005 | 20230906150058.0 | ||
| 007 | t| | ||
| 008 | 891025s1988 sp ||||0| spa j ..| | ||
| 015 | _a1989-NOV-22425 | ||
| 016 | 7 | _zSAB9000062782 | |
| 020 | _a84-86844-02-7 | ||
| 040 |
_aM-BN-DP _bspa _cM-BN-DP |
||
| 080 | _a929(463.2) | ||
| 100 | 1 |
_aHerrero Puyuelo, María Blanca. _963338 |
|
| 245 | 1 | 0 |
_aDiccionario de palentinos ilustres / _cMaría Blanca Herrero Puyuelo. |
| 260 |
_a[Palencia : _bInstitución "Tello Téllez de Meneses"], _c1988. |
||
| 300 |
_a351 p : _bil ; _c25 cm. |
||
| 650 | 1 | 4 |
_aPalentinos- _xBiografías. _915802 |
| 710 | 2 |
_aInstitución Tello Téllez de Meneses. _94735 |
|
| 852 |
_aES-MaACL _jL-18668 _bR.124653 |
||
| 999 |
_c11329 _d11329 |
||